书目信息 |
| 题名: |
科技人员实用法律手册
|
|
| 作者: | 李大郁 编写 | |
| 分册: | ||
| 出版信息: | 西安 西安交通大学出版社 1996.06 |
|
| 页数: | 474页 | |
| 开本: | 32开 | |
| 丛书名: | ||
| 单 册: | ||
| 中图分类: | D92-62 | |
| 科图分类: | ||
| 主题词: | 法律--中国 | |
| 电子资源: | ||
| ISBN: | 7-5605-0843-X | |
| 000 | 00575nam0 2200193 45 | |
| 001 | 0008051131 | |
| 005 | 20000805112328.1 | |
| 010 | @a7-5605-0843-X@d15.00元 | |
| 100 | @a20000805d1996 km y0chiy0120 ea | |
| 101 | 0 | @achi |
| 105 | @a z 000yy | |
| 200 | 1 | @a科技人员实用法律手册@AKe Ji Ren Yuan Shi Yong Fa Lu Shou Ce@f李大郁等编写@FLi Da Yu Deng Bian Xie |
| 210 | @a西安@c西安交通大学出版社@d1996.06 | |
| 215 | @a474页@d32开 | |
| 606 | 0 | @a法律@x中国 |
| 690 | @aD92-62@v3 | |
| 701 | 0 | @a李大郁@4编写 |
| 801 | @aCN@bPftUser@c20000805 | |
| 905 | @b89454-458@dD92-62@eL910@f5 | |
| 科技人员实用法律手册/李大郁等编写.-西安:西安交通大学出版社,1996.06 |
| 474页;32开 |
| ISBN 7-5605-0843-X:15.00元 |
| ● |
| 相关链接 |
|
|
|
正题名:科技人员实用法律手册
索取号:D92-62/L910
 
预约/预借
| 序号 | 登录号 | 条形码 | 馆藏地/架位号 | 状态 | 备注 |
| 1 | 89454 | 200894540 | 社科库509/509社科库 83排4列4层/ [索取号:D92-62/L910] | 在馆 | |
| 2 | 89455 | 200894559 | 社科库509/509社科库 83排4列4层/ [索取号:D92-62/L910] | 在馆 | |
| 3 | 89456 | 200894568 | 社科库509/509社科库 83排4列4层/ [索取号:D92-62/L910] | 在馆 | |
| 4 | 89457 | 200894577 | 社科库509/509社科库 83排4列4层/ [索取号:D92-62/L910] | 在馆 | |
| 5 | 89458 | 200894586 | 社科库509/509社科库 83排4列4层/ [索取号:D92-62/L910] | 在馆 |